| 000 | 00509nam a2200205 a 4500 | ||
|---|---|---|---|
| 001 | BRL_1163 | ||
| 005 | 20190320211049.0 | ||
| 008 | 201113s1931----gw-#######---#000-1#ger-# | ||
| 041 | _ager | ||
| 044 | _agw | ||
| 050 | 4 |
_aPT2613.M4 _b.G54 1931 |
|
| 100 | 1 |
_aGmelin, Otto _d1886-1940 _925978 |
|
| 245 | 1 | 0 |
_aDas Mädchen von Zacatlan _cOtto Gmelin. |
| 260 |
_aJena _bDiederichs _c1931 |
||
| 300 |
_a206 p. _c19 cm. |
||
| 500 | _aAu1340 | ||
| 650 | 1 | 4 |
_aNovela alemana _925979 |
| 902 | _aGRL | ||
| 942 |
_2lcc _cB |
||
| 999 |
_c9975 _d9975 |
||